| 000 | 01095cam a2200325 a 4500 | ||
|---|---|---|---|
| 001 | 2918 | ||
| 005 | 20240123142330.0 | ||
| 020 | _a076714003996 | ||
| 040 |
_aDLC _cDLC _dDLC _beng |
||
| 050 | 0 | 0 |
_aPZ7.R23775 _b 2001 |
| 082 | 0 | 0 | _a310 |
| 100 | 1 | _aReber, Deborah | |
| 245 | 1 | 0 |
_aMy favorite letters / _cby Deborah Reber ; illustrated by Karen Craig. |
| 250 | _aThis edition was printing in 2001 | ||
| 260 |
_aNew York : _bSimon Spotlight/Nick Jr. , _c2001 |
||
| 300 |
_a22 unnumbered pages : _bcolor illustrations ; _c23 cm. |
||
| 490 | _a Blue's Clues Series | ||
| 500 | _a"Based on the TV series Blue's Clues"--T.p. verso. | ||
| 505 | _aE | ||
| 520 | _aBlue learns to spell her name and finds other words that begin with her favorite letters: B, L, U, and E. Features rebuses. | ||
| 521 |
_a200
_bLexile |
||
| 521 |
_aE
_bRaz-Plus |
||
| 650 | 0 | _aRebuses. | |
| 650 | 1 |
_aDogs _vFiction. |
|
| 650 | 1 |
_aVocabulary _vFiction. |
|
| 650 | 1 | _aRebuses. | |
| 700 | 1 |
_aCraig, Karen _eillustrator |
|
| 906 |
_a7 _bcbc _corignew _d1 _eocip _f19 _gy-gencatlg |
||
| 942 |
_2ddc _cBK _n0 |
||
| 999 |
_c2918 _d2918 |
||